Score 0/20 Timer 03:00
0 Plays Today
Hint Answer % Correct
Bridge ____ Troubled Water
Simon & Garfunkel
Over
94.2%
Two ____ Coladas
Garth Brooks
Piña
92.9%
____ Mama Should've Named You Whiskey
Luke Bryan
Your
91.1%
Red Red ____
UB40
Wine
90.9%
____ Times, Cheap Wine
Kid Rock
Good
90%
____ Daniels and Jesus
Chase Rice
Jack
89.9%
Beer Drinkers and ____ Raisers
ZZ Top
Hell
86.6%
One Bourbon, One Scotch, One ____
John Lee Hooker
Beer
84.9%
One ____ Julep
Ray Charles
Mint
84%
Wine ____ Water
T. Graham Brown
Into
74.3%
Hint Answer % Correct
A ____ Cup of Tea
Binnie Hale
Nice
69.8%
____ Beer Country
Toby Keith
Cold
66.4%
Whiskey ____-a-Roller
Lynyrd Skynyrd
Rock
64.2%
____ Gray
Fleetwood Mac
Earl
58.4%
____ Worth the Whiskey
Cole Swindell
Ain't
51.4%
Jockey ____ of Bourbon
Tom Waits
Full
35%
Blood ____ Lemonade
Morcheeba
Like
34.7%
Coffee ____
Red Hot Chili Peppers
Shop
28.9%
____ Mountain Dew
Lana Del Rey
Diet
27.9%
Tequila ____
Brooks & Dunn
Town
16.3%

Today's Daily Dose

Remove Ads.
Support Sporcle.
Get the best of Sporcle when you Go Orange. This ad-free experience offers more features, more stats, and more fun while also helping to support Sporcle. Thank you for becoming a member.

You're not logged in!

Compare scores with friends on all Sporcle quizzes.
OR
Log In

Show Comments

Extras

Top Quizzes Today


Score Distribution

Your Account Isn't Verified!

In order to create a playlist on Sporcle, you need to verify the email address you used during registration. Go to your Sporcle Settings to finish the process.

Report this User

Report this user for behavior that violates our Community Guidelines.

Details: